000 00285nam a2200121Ia 4500
008 190216s9999||||xx |||||||||||||| ||und||
100 _aApostol
245 0 _aMathematical Analysis;
260 _bAddison-Wesley Pbl: Co:
_c1974
300 _a492p
650 _aMathematics
942 _cBK
999 _c30606
_d30606